Compagnies aeriennes les plus rentables du monde - Statistiques

Statistiques générales
  • Ce quiz a été pris 53 fois
  • Le résultat moyen est 5 sur 16
Statistiques - réponses
Hint Réponse % Correct
1.7 milliars de $ Air France
95%
2.07 milliars de $ Ryanair
59%
6 milliars de $ Emirates Airlines
57%
2.7 milliars de $ British Airways
52%
1.7 milliars de $ Qatar Airways
45%
1.5 milliars de $ Lufthansa
41%
1.7 milliars de $ KLM
39%
3.8 milliars de $ Delta Air Lines
36%
3.1 milliars de $ United Airlines
34%
1.2 milliars de $ Air Canada
20%
2.4 milliars de $ Turkish Airlines
16%
0.48 milliars de $ Etihad Airways
14%
2.05 milliars de $ Singapour Airlines
14%
0.6 milliars de $ Southwest Airlines
11%
0.7 milliars de $ China Southern Airlines
7%
0.28 milliars de $ Thai Airways
5%
Aucun quiz correspondant
Distribution des résultats
% des personnes avec chaque résultat
Percentile par nombre de réponses
Votre historique - résultats
Vous n’avez pas pris ce quiz